Statistics for All Time NFL Career Receptions Leaders

Click here to take the quiz!

General Stats

  • This quiz has been taken 282 times
  • The average score is 8 of 15

Answer Stats

Receptions/TeamAnswer% Correct
1,549/49ersJerry Rice
100%
1,102/ColtsMarvin Harrison
83%
1,064/CardinalsLarry Fitzgerald
76%
1,078/EaglesTerrell Owens
68%
1,070/ColtsReggie Wayne
67%
982/PatriotsRandy Moss
65%
1,325/FalconsTony Gonzalez
65%
1,000/SteelersHines Ward
61%
1,094/RaidersTim Brown
55%
1,024/RamsIsaac Bruce
51%
1,048/CowboysJason Witten
46%
1,041/49ersAnquan Boldin
25%
1,101/DolphinsCris Carter
25%
988/RavensSteve Smith Sr.
24%
1,062/TitansAndre Johnson
15%

Score Distribution

Percentile by Number Answered

Percent of People with Each Score

Your Score History

You have not taken this quiz